| 000 | 00726nam a2200205 a 4500 | ||
|---|---|---|---|
| 001 | 000025954 | ||
| 005 | 20240509120303.0 | ||
| 008 | 110217s1967 mx r 000 | spa d | ||
| 040 |
_aDO-SdBNP _bspa _cBNPHU |
||
| 082 |
_a146.3 _bY12i |
||
| 100 | 1 |
_aYadov, Vladimir Aleksandrovich, _952829 |
|
| 245 | 1 | 3 |
_aLa ideologia como forma de la actividad espiritual de la sociedad / _cV. A. Yadov; traducción Adolfo Sánchez Vázquez. |
| 260 |
_aMéxico, D. F. : _bFondo de Cultura Popular, _c1967. |
||
| 300 |
_a178 p. ; _c20 cm. |
||
| 500 | _aIncluye referencia bliograficas al pie de páginas | ||
| 650 | 4 |
_aMaterialismo _945622 |
|
| 650 | 0 |
_aIdeología _99534 |
|
| 700 | 1 |
_aSánchez Vázquez, Adolfo, _etr. _95417 |
|
| 049 | _aBNGR | ||
| 999 |
_c25446 _d25446 |
||